Loading...
Current Events | 2 | 10.00 | 100% | 0% | 0% |
Fine Arts - Classical Music | 4 | 7.50 | 75% | 0% | 0% |
Fine Arts - Other Fine Arts | 4 | 15.00 | 100% | 50% | 0% |
Geography | 2 | 10.00 | 50% | 50% | 0% |
History - American History | 3 | 10.00 | 67% | 33% | 0% |
History - European History | 4 | 10.00 | 100% | 0% | 0% |
History - Other History | 2 | 10.00 | 100% | 0% | 0% |
History - World History | 6 | 13.33 | 100% | 33% | 0% |
Literature - Drama | 1 | 10.00 | 0% | 100% | 0% |
Literature - Long Fiction | 3 | 13.33 | 100% | 33% | 0% |
Literature - Misc Literature | 1 | 10.00 | 100% | 0% | 0% |
Literature - Poetry | 5 | 12.00 | 100% | 20% | 0% |
Mythology | 4 | 12.50 | 100% | 25% | 0% |
Other Academic | 2 | 20.00 | 100% | 100% | 0% |
Philosophy | 6 | 16.67 | 100% | 67% | 0% |
Religion | 1 | 10.00 | 100% | 0% | 0% |
Science - Biology | 3 | 10.00 | 100% | 0% | 0% |
Science - Chemistry | 3 | 6.67 | 67% | 0% | 0% |
Science - Other Science | 5 | 6.00 | 40% | 20% | 0% |
Science - Physics | 2 | 5.00 | 50% | 0% | 0% |
Social Science | 3 | 10.00 | 67% | 33% | 0% |